| 000 | 01252nam a2200373 c 4500 | ||
|---|---|---|---|
| 100 |
_aВерн, Жул _eпърви автор _9263632 |
||
| 999 |
_c159382 _d159382 |
||
| 003 | BLK | ||
| 005 | 20240213144734.0 | ||
| 008 | 180410b bul|||||r ||||||| ||bul|| | ||
| 010 | _aKNG00166496000 | ||
| 040 | _aBLK | ||
| 041 |
_aBUL _cBUL |
||
| 072 | 7 |
_2bullib _aК _xКраезнание |
|
| 080 |
_aФренска литература _b821.133.1 _x-31 _z821.133.1-31 |
||
| 139 |
_aВерн, Жул _bВ 50 |
||
| 245 | 1 | 0 |
_aДунавският лодкар _bИзключителен истор. роман из живота на бълг. революционери _cЖул Верн; прев. от ориг. Петър Дачев. |
| 257 | _aBGR | ||
| 260 |
_bбибл. Отбор _c[1943] |
||
| 300 |
_a160 с. _c18,5 см |
||
| 380 | _aX | ||
| 500 | _a3000 тир. | ||
| 653 | _aРусчук | ||
| 659 | _aК | ||
| 700 | 1 |
_aДачев, Петър _eпрев. от ориг. _9334478 |
|
| 852 | _aЦб І 21249 | ||
| 852 | _aК 821/В 50 Ж | ||
| 856 | 4 | _qpdf | |
| 856 | 4 | _qpdf | |
| 942 |
_cKNG _n0 _s1 _02 |
||
| 944 |
_aCR _c30.10.2014 _lНора Радева _k30545 |
||
| 944 |
_aED _c30.10.2014 _l30.10.2014 - от С1,Р / 30.10.2014 |
||
| 999 | _d159382 | ||
| 999 | _d159382 | ||